Dạy học phát triển năng lực môn tiếng Việt Tiểu học

Giới thiệu một số vấn đề về dạy học phát triển năng lực. Trình bày phương pháp dạy học, kiểm tra và đánh giá năng lực môn Tiếng Việt tiểu học

Guardat en:
Dades bibliogràfiques
Autor principal: Đỗ, Ngọc Thống
Format: Llibre
Idioma:Undetermined
Publicat: Hà Nội Nxb. Đại học Sư phạm 2019
Matèries:
Etiquetes: Afegir etiqueta
Sense etiquetes, Sigues el primer a etiquetar aquest registre!
Thư viện lưu trữ: Trung tâm Học liệu Trường Đại học Cần Thơ
LEADER 01281nam a2200241Ia 4500
001 CTU_238531
008 210402s9999 xx 000 0 und d
020 |c 75000 
082 |a 372.6 
082 |b Th455 
100 |a Đỗ, Ngọc Thống 
245 0 |a Dạy học phát triển năng lực môn tiếng Việt Tiểu học 
245 0 |c Đỗ Ngọc Thống (Tổng chủ biên) 
260 |a Hà Nội 
260 |b Nxb. Đại học Sư phạm 
260 |c 2019 
520 |a Giới thiệu một số vấn đề về dạy học phát triển năng lực. Trình bày phương pháp dạy học, kiểm tra và đánh giá năng lực môn Tiếng Việt tiểu học 
526 |a Phương pháp dạy học tiếng Việt giáo dục tiểu học 1,Phương pháp dạy học tiếng Việt giáo dục tiểu học 2,Rèn kỹ năng thực hành Tiếng Việt,Tập giảng Văn giáo dục tiểu học 
526 |b SP056,SG224,SP071,SG123 
650 |a Tiếng Việt,Vietnamese language 
650 |x Dạy và học (Tiểu học),Study and teaching (Elementary) 
910 |b nthai 
980 |a Trung tâm Học liệu Trường Đại học Cần Thơ